000 00424nam a2200181Ia 4500
001 15062
005 20260306165000.0
008 260306t2015||||xx |||||||||||||| ||spa||
041 _aESP
082 _a526.9
_bV66
100 _aVillalba Sánchez, Néstor
_eAUT
245 0 _aTopografía aplicada
260 _c2015
300 _a475 páginas :
_c25 cm.
650 _aGEN
654 _aCIC
942 _cLIB
_dJUS
_fJUS
_2ddc
_n
999 _c15062
_d15062